| Tag |
First Indicator |
Second Indicator |
Subfields |
| LEADER |
00000cam a2200000La 4500 |
| 001 |
in00001745113 |
| 005 |
20220105121117.0 |
| 006 |
m u |
| 007 |
cr cn- |
| 008 |
000815s1997 dcu sb 000 0 eng d |
| 010 |
|
|
|z 97029643
|
| 020 |
|
|
|a 0585247048 (electronic bk.) :
|c $60.00
|
| 020 |
|
|
|z 0821339990
|
| 035 |
|
|
|a (OCoLC)ocm44962787
|
| 040 |
|
|
|a N$T
|c N$T
|d OCL
|d ZID
|d UtOrBLW
|
| 043 |
|
|
|a d------
|
| 049 |
|
|
|a IKMN
|
| 050 |
1 |
4 |
|a HJ2351.7
|b .T38 1997eb
|
| 082 |
0 |
4 |
|a 336.2/05/091724
|2 21
|
| 245 |
0 |
0 |
|a Tax reform in developing countries /
|c edited by Wayne Thirsk.
|
| 264 |
|
1 |
|a Washington, D.C. :
|b World Bank,
|c [1997]
|
| 264 |
|
4 |
|c ©1997
|
| 300 |
|
|
|a xv, 409 pages ;
|c 24 cm.
|
| 336 |
|
|
|a text
|b txt
|2 rdacontent
|
| 337 |
|
|
|a computer
|b c
|2 rdamedia
|
| 338 |
|
|
|a online resource
|b cr
|2 rdacarrier
|
| 490 |
1 |
|
|a World Bank regional and sectoral studies
|
| 504 |
|
|
|a Includes bibliographical references.
|
| 505 |
0 |
|
|a Overview: the substance and process of tax reform in eight developing countries / Wayne Thirsk -- Bolivia's tax revolution / Wayne Thirsk -- Thirty years of tax reform in Colombia / Charles E. McLure,Jr., and George Zodrow -- Reforming the tax system in Indonesia / Mukul Asher -- The Jamaican tax reform: its design and performance / Roy Bahl -- Tax policy and tax reforms in Korea / Kwang Choi -- Mexico's protracted tax reform / Francisco Gil-Díaz and Wayne Thirsk -- Tax reform in Morocco: gradually getting it right / David Sewell and Wayne Thirsk -- Turkey's struggle for a better tax system / Kenan Bulutoglu and Wayne Thirsk.
|
| 533 |
|
|
|a Electronic reproduction.
|b Boulder, Colo. :
|c NetLibrary,
|d 2000.
|n Available via the World Wide Web.
|n Available in multiple electronic file formats.
|n Access may be limited to NetLibrary affiliated libraries.
|
| 500 |
|
|
|a Electronic resource.
|
| 650 |
|
0 |
|a Taxation
|z Developing countries.
|0 http://id.loc.gov/authorities/subjects/sh2010115445
|
| 650 |
|
7 |
|a Impôt
|z Pays en voie de développement.
|2 ram
|
| 651 |
|
4 |
|a Países subdesarrollados
|x Política fiscal.
|
| 655 |
|
7 |
|a Electronic books.
|2 local
|
| 700 |
1 |
|
|a Thirsk, Wayne R.
|0 http://id.loc.gov/authorities/names/n50010138
|
| 710 |
2 |
|
|a NetLibrary, Inc.
|0 http://id.loc.gov/authorities/names/no99080690
|
| 776 |
1 |
|
|c Original
|w (DLC) 97029643
|w (OCoLC)37310940
|
| 830 |
|
0 |
|a World Bank regional and sectoral studies.
|0 http://id.loc.gov/authorities/names/n91074691
|
| 856 |
4 |
1 |
|u https://proxy.library.tamu.edu/login?url=http://www.netLibrary.com/urlapi.asp?action=summary&v=1&bookid=33926
|z Connect to the full text of this electronic book
|t 0
|
| 994 |
|
|
|a 92
|b IKM
|
| 999 |
|
|
|a MARS
|
| 999 |
f |
f |
|s 86ec5216-c0ae-360a-af2d-500b5a39009b
|i d194c9de-0d87-305a-ba15-e2daa9049a7a
|t 0
|
| 952 |
f |
f |
|a Texas A&M University
|b College Station
|c Electronic Resources
|d Available Online
|t 0
|e HJ2351.7 .T38 1997eb
|h Library of Congress classification
|
| 998 |
f |
f |
|a HJ2351.7 .T38 1997eb
|t 0
|l Available Online
|